000 00628nam a22001937a 4500
005 20251108171951.0
008 250721s2002 xx 000 0 ara d
082 1 4 _a344.048/حشم
100 1 _aحشمه، محمود
245 1 0 _aالصحة الإنجابية للمرأة في المواثيق الدولية لحقوق الإنسان /
264 1 _aعمان :
_bمركز عمان للدراسات حقوق الإنسان،
_c2002.
300 _a108ص.
650 1 7 _aالقانون الدولي
650 1 7 _aالمرأة
650 1 7 _aالصحة
650 1 7 _aالإنجاب
942 _2ddc
_cBK
999 _c67112
_d67112